000 00795na a2200241 4500
001 19094
003 MIRAKIL
005 20181213155052.0
008 170116b tu 000 0
020 _a9789944884945
040 _aMilas
_btur
_cTR-AnCHP
041 _atur
082 _a370.9561
_bG96y 2008
090 _a370.9561 G96y 2008
100 _aGürüz, Kemal
245 _aYirmi birinci yüzyılın başında Türk milli eğitim sistemi
_btarihsel perspektif, uluslararası karşılaştırmalar, temel sorunlar ve çözüm önerileri
_cKemal Gürüz
260 _aİstanbul
_bTürkiye İş Bankası Kültür Yayınları
_c2008
300 _a474 s.
_c23 sm.
500 _aDizin var.
650 _aMilli eğitim sistemi
_zTürkiye
650 _aEğitim
_zTürkiye
942 _2ddc
_cBKS
999 _c5960
_d5960